Динамика рабочего процесса соленоидных молотков со свободным выбегом бойка и результаты промышленных испытаний молотков; Научная межвузовская конференция по механизации бурильных работ в шахтах, рудниках и карьерах

Bibliografiske detaljer
Parent link:Научная межвузовская конференция по механизации бурильных работ в шахтах, рудниках и карьерах.— 1960.— С. 38-39
Hovedforfatter: Ряшенцев Н. П.
Sprog:russisk
Udgivet: 1960
Fag:
Format: Book Chapter
KOHA link:https://koha.lib.tpu.ru/cgi-bin/koha/opac-detail.pl?biblionumber=156426

MARC

LEADER 00000naa2a2200000 4500
001 156426
005 20231031153123.0
035 |a (RuTPU)RU\TPU\book\169666 
035 |a RU\TPU\tpu\6332 
090 |a 156426 
100 |a 20090326d1960 k y0rusy50 ca 
101 0 |a rus 
102 |a RU 
200 1 |a Динамика рабочего процесса соленоидных молотков со свободным выбегом бойка и результаты промышленных испытаний молотков  |f Н. П. Ряшенцев 
463 1 |0 (RuTPU)RU\TPU\book\169514  |t Научная межвузовская конференция по механизации бурильных работ в шахтах, рудниках и карьерах  |o 23-26 ноября 1960 г.  |o тезисы докладов  |f Кемеровское областное Научно-техническое общество, Горное ; Томский политехнический институт (ТПИ)  |v С. 38-39  |d 1960  |p 28 с. 
610 1 |a горное дело 
610 1 |a труды учёных ТПУ 
700 1 |a Ряшенцев  |b Н. П. 
801 0 |a RU  |b 63413507  |c 20011210  |g PSBO 
801 2 |a RU  |b 63413507  |c 20090423  |g PSBO 
942 |c BK